00569 2200205 4500001002100000005001500021035002000036007000300056008004100059020002200100082001300122084001900135100001900154245005800173250001100231260004700242300004100289650001700330990001600347INLIS00000000000105620210807112353 a0010-0821000032ta210807 g 1 ind  a978-602-04-4606-6 a741.5592 a741.5592 FUJ a0 aFujiko F Fujio1 aAyah Ibu :bCerita Spesial Doraemon /cFujiko F Fujio acet. 1 aJakarta :bPT Elex Media Komputindo,c2017 a213 hlm. :bIlus. ;c11.3 cm X 17 cm aKomik Jepang a00000011174